000 00380nam a2200133Ia 4500
008 231129s9999||||xx |||||||||||||| ||spa||
020 _a84-8280-831-1
040 _bspa
082 _aCh863 B275n
100 _aBarrios Eduardo
245 0 _aEl niño que enloquecio de amor
264 _aBogotá Colombia : La Oveja Negra
942 _2ddc
_cBKS
999 _c11866
_d11866